| 000 | 00592nam a2200193 a 4500 | ||
|---|---|---|---|
| 001 | 17053 | ||
| 003 | CO-ViMGA | ||
| 008 | 141112s2004 ck r 000 u spa d | ||
| 020 | _a9586555054 | ||
| 040 |
_aCO-ViMGA _bspa _cCO-ViMGA |
||
| 082 | 0 | 4 | _a530.141 G184 |
| 100 | 1 |
_aGaviria Ortíz, Alvaro _924193 |
|
| 245 | 1 | 0 | _aTeoría Electromagnética . Proposiciones y soluciones |
| 260 |
_aMedellín (Antioquia), _cUniversidad de Antioquia, _c2001 |
||
| 300 | _a794.p. | ||
| 590 | _aForma de adquisición : Premio - Mincultura | ||
| 650 | 1 | 4 |
_aELECTROMAGNETISMO - TEORIAS _924194 |
| 942 |
_2ddc _cBK |
||
| 999 |
_c26669 _d26669 |
||